Sardar Abdurab Nashtar (Record no. 325357)
[ view plain ]
| 000 -LEADER | |
|---|---|
| fixed length control field | 00354 a2200133 4500 |
| 001 - CONTROL NUMBER | |
| control field | 90284 |
| 003 - CONTROL NUMBER IDENTIFIER | |
| control field | NUST |
| 082 ## - DEWEY DECIMAL CLASSIFICATION NUMBER | |
| Classification number | 923.2 AGH |
| 100 ## - MAIN ENTRY--PERSONAL NAME | |
| Personal name | Agha Masood Hussain |
| 9 (RLIN) | 9810 |
| 245 ## - TITLE STATEMENT | |
| Title | Sardar Abdurab Nashtar |
| Remainder of title | Azadi Ki Kahani Mairi Zobani |
| Medium | Urdu |
| 260 ## - PUBLICATION, DISTRIBUTION, ETC. | |
| Place of publication, distribution, etc. | Lahore |
| Name of publisher, distributor, etc. | Alhamd Publications |
| Date of publication, distribution, etc. | 2014 |
| 300 ## - PHYSICAL DESCRIPTION | |
| Extent | 192p. |
| 500 ## - GENERAL NOTE | |
| General note | General Books |
| 942 ## - ADDED ENTRY ELEMENTS (KOHA) | |
| Institution code [OBSOLETE] | CAE NUST |
| Koha item type | Book |
| Call number prefix | 923.2 AGH |
| Source of classification or shelving scheme | |
| Withdrawn status | Lost status | Damaged status | Not for loan | Collection code | Permanent Location | Current Location | Date acquired | Total Checkouts | Full call number | Barcode | Date last seen | Price effective from | Koha item type |
|---|---|---|---|---|---|---|---|---|---|---|---|---|---|
| College of Aeronautical Engineering (CAE) | College of Aeronautical Engineering (CAE) | 04/03/2017 | 923.2 AGH | CAE86219 | 04/05/2017 | 04/05/2017 | Book |
